000 00769nam a2200217Ii 4500
003 JO-AjNU
008 230605s9999||||xx |||||||||||||| ||und||
017 _a2021/6/3252
020 _a978-9957-94-645-6
040 _aJO-AjNU
_bara
_erda
_cJO-AjNU
041 _aara
050 1 4 _aPJ7838 2021
100 3 _aمجموعة كتاب,
_eauthor
_963643
245 0 0 _aتفاصيل اردنية: مجموعة قصصية
264 3 1 _aعمان: وزارة الثقافه، 2021
300 _a413ص
_bاصدارات مئوية الدولة الاردنية 2021
336 _atext
_btxt
_2rdacontent
337 _aunmediated
_bn
_2rdamedia
338 _avolume
_bnc
_2rdacarrier
650 4 _aالقصص العربية-الأدب العربي-العصر الحديث
_963644
999 _aA28880
_c32448
_d32448